Romanismo y latinoamericanismo en Justo Arosemena.

Guardado en:
Detalles Bibliográficos
Autor principal: Cuestas G., Carlos H (autor)
Formato: Libro
Publicado: Ciudad de Panamá, Panamá: Sistemas Jurídicos, S.A., 1991.
Materias:
Etiquetas: Agregar Etiqueta
Sin Etiquetas, Sea el primero en etiquetar este registro!

MARC

LEADER 00000nam a22000007a 4500
003 CL-VaPUC
005 20220822114807.0
008 220803t1991 ||||| |||| 00| 0 eng d
999 |c 437915  |d 437913 
040 |c Pontificia Universidad Católica de Valparaíso 
082 7 |a 347.28707 CUE 1991  |2 22 
100 |a Cuestas G., Carlos H  |9 589134  |e autor 
245 |a Romanismo y latinoamericanismo en Justo Arosemena. 
260 |a Ciudad de Panamá, Panamá:   |b Sistemas Jurídicos, S.A.,  |c 1991. 
300 |a 40 páginas. 
500 |a c.1 Donación Familia Prof. Alejandro Guzmán Brito. 
583 |c 20220803  |k Catalogador Asistente 
600 |a  Arosemena, Justo,   |d 1817-1896.  |x Jueces   |z Panamá   |9 874747 
650 |2 Derecho   |z Panamá  |9 874748 
942 |2 ddc  |c BK  |n 0 
952 |0 0  |1 0  |2 ddc  |4 0  |6 347_287070000000000_CUE_1991  |7 0  |8 C_AGB  |9 585772  |a BIBDER  |b BIBDER  |d 2022-08-03  |e Donación  |i 5653761  |o 347.28707 CUE 1991  |p 5653761  |r 2023-01-25  |t 1  |w 2022-08-03  |y BK_US  |k AGB